| 000 | 00617nam a22001697a 4500 | ||
|---|---|---|---|
| 003 | BD-DhUL | ||
| 005 | 20160823113014.0 | ||
| 008 | 160823b xxu||||| |||| 00| 0 eng d | ||
| 040 | _cBD-DhUL | ||
| 082 |
_a342.5492 _bABB |
||
| 100 | _aহক, আবুল ফজল | ||
| 245 |
_aবাংলাদেশের শাসন ব্যবস্থা ও রাজনীতি / _cহক, আবুল ফজল |
||
| 260 |
_aঢাকা : _bবাংলা একাডেমি, _c১৯৭৪. |
||
| 300 |
_a৩৯৩ পৃ. ; _c২২ সেমি. |
||
| 650 |
_aইতিহাস _vHistory |
||
| 942 |
_2ddc _cBK |
||
| 999 |
_c100793 _d100793 |
||